| 000 | 00540cam a2200193ua 4500 | ||
|---|---|---|---|
| 020 | _a0 07 099007 7 | ||
| 041 |
_aeng _h |
||
| 082 |
_a515.43 _bSPI/TH |
||
| 100 | _aSpiegel, Murray R . | ||
| 245 |
_aTheory and problems of advanced calculus / _cMurray R Spiegel. _hTextual Documents |
||
| 250 |
_a1 / _b. |
||
| 260 |
_aNew York : _bMcGraw Hill Book Company , _c1981. |
||
| 300 | _a384 ; . | ||
| 440 | 0 |
_aSchaum`s outline series, _v _x; |
|
| 490 | 0 |
_aSchaum`s outline series, _v _x; |
|
| 504 | _a | ||
| 942 | _cBK | ||
| 999 |
_c2661 _d2661 |
||